Języki urzędowe państw Europy - Statystyki

Ogólne statystyki
  • Ten quiz został rozwiązany 42 razy
  • Średni wynik to 84 z 144
Statystyki odpowiedzi
Kraj Język % Poprawnych
Belgia | Francja | Guernsey (Wielka B) | +5 others Francuski
97%
Albania | Kosowo Albański
94%
Białoruś | Polska ( w niektórych gminach dodatkowo stosowane są języki pomocznicze) Białoruski
94%
Hiszpania Hiszpański
94%
Austria | Belgia | Liechtenstein | +5 others Niemiecki
94%
Białoruś | Kazachstan | Naddniestrze (Mołdawia) | Rosja Rosyjski
94%
Guernsey (Wielka B) | Irlandia | Jersey (Wielka B) | +5 others Angielski
91%
Austria, lokalnie dopuszczony | Bośnia i Hercegowina | Chorwacja | Wojwodina (Serbia) Chorwacki
88%
Cypr | Grecja Grecki
88%
Bośnia i Hercegowina | Kosowo | Serbia | Wojwodina (Serbia) (Prowincja Autonomiczna) Serbski
88%
Naddniestrze (Mołdawia) | Ukraina Ukraiński
88%
Chorwacja, w skali okręgu dodatkowo | San Marino | Szwajcaria | +2 others Włoski
88%
Bośnia i Hercegowina - brak, de facto Bośniacki
85%
Bułgaria Bułgarski
85%
Dania | Wyspy Owcze (Dania) Duński
85%
Norwegia Norweski
85%
Polska Polski
85%
Słowacja | Wojwodina (Serbia) Słowacki
85%
Austria, lokalnie dopuszczony | Słowenia Słoweński
85%
Finlandia | Szwecja Szwedzki
85%
Czechy Czeski
82%
Estonia Estoński
82%
Finlandia Fiński
82%
Irlandia Irlandzki
82%
Belgia | Holandia Niderlandzki
82%
Portugalia Portugalski
82%
Cypr | Turcja Turecki
82%
Austria, lokalnie dopuszczony | Wojwodina (Serbia) | Węgry Węgierski
82%
Andora | Hiszpania Kataloński
79%
Macedonia Północna Macedoński
76%
Mołdawia | Rumunia | Wojwodina (Serbia) Rumuński
76%
Czarnogóra Czarnogórski
74%
Islandia Islandzki
74%
Łotwa Łotewski
74%
Gruzja Gruziński
71%
Litwa | Polska (język pomoczniczy) Litewski
68%
Malta Maltański
65%
Naddniestrze (Mołdawia) Mołdawski
65%
Walia (Wielka B) Walijski
65%
Kazachstan Kazachski
62%
Watykan Łacina
62%
Azerbejdżan Azerski
56%
Armenia Ormiański
56%
Polska (język pomoczniczy) Kaszubski
53%
Luksemburg Luksemburski
50%
Grenlandia (Dania) Grenlandzki
35%
Hiszpania Baskijski
32%
Rosja lok. także Tatarski
32%
Rosja lok. także Czeczeński
26%
Szwajcaria Retoromański
21%
Bośnia i Hercegowina | Chorwacja | Czarnogóra | Serbia Serbsko-Chorwacki
18%
Rosja lok. także Baszkirski
9%
Wyspy Owcze (Dania) Farerski
9%
Holandia Fryzyjski
9%
Monako Monegaski
9%
Hiszpania Aranejski
6%
Rosja lok. także Buriacki
6%
Rosja lok. także Jakucki
6%
Rosja lok. także Nieniecki
6%
Rosja lok. także Osetyjski
6%
Szkocja (Wielka B) Szkocki gaelicki
6%
Rosja, lokalnie także Abazyjski
3%
Rosja, lokalnie t. Adygejski
3%
Rosja, lok. także Ałtajski
3%
Rosja lok. także Czukocki
3%
Rosja lok. także Czuwaski
3%
Norwegia, lokalnie Języki lapońskie
3%
Wyspa Man (Wielka B) Manx
3%
Guernsey (Wielka B) Normandzki Guernsey
3%
Jersey (Wielka B) Normandzki Jersey
3%
Antyle Holenderskie (Holandia) Papiamento
3%
Wojwodina (Serbia) Rusiński
3%
Rosja lok. także Tuwiński
3%
Rosja lok. także Udmurcki
3%
Rosja lok. także Chakaski
0%
Rosja lok. także Chantyjski
0%
Rosja lok. także Dołgański
0%
Rosja lok. także Ewenkijski
0%
Rosja lok. także Inguski
0%
Rosja lok. także Jidysz
0%
Rosja lok. także Kabardyjski
0%
Rosja lok. także Kałmucki
0%
Rosja lok. także Karaczajo-bałkarski
0%
Rosja lok. także Komi
0%
Rosja lok. także Komi-permiacki
0%
Rosja lok. także Koriacki
0%
Rosja lok. także Mansyjski
0%
Rosja lok. także Maryjski
0%
Rosja lok. także Mordwiński-erzja
0%
Rosja lok. także Mordwiński-moksza
0%
Rosja lok. także Nogajski
0%
Nie znaleziono quizów pasujących do podanych kryteriów
Rozkład punktacji
Procent ludzi z każdym wynikiem
Percentyl według liczby udzielonych odpowiedzi
Twoja historia wyników
Nie rozwiązałeś tego quizu